Divorce and Domestic Relations Litigation: Financial Adviser's Guide
Divorce and Domestic Relations Litigation represents the accountant's body of knowledge on divorce and domestic relations and how it relates to the divorce process, alimony, child support, and property. At once a reference tool and a training guide for firms entering this specialization, this b...
محفوظ في:
| المؤلف الرئيسي: | |
|---|---|
| التنسيق: | كتاب |
| اللغة: | Undetermined |
| منشور في: |
Hoboken, N.J. :
J. Wiley & Sons
c2003
|
| الموضوعات: | |
| الوسوم: |
إضافة وسم
لا توجد وسوم, كن أول من يضع وسما على هذه التسجيلة!
|
| Thư viện lưu trữ: | Trung tâm Học liệu Trường Đại học Cần Thơ |
|---|
| LEADER | 01287nam a2200241Ia 4500 | ||
|---|---|---|---|
| 001 | CTU_136236 | ||
| 008 | 210402s9999 xx 000 0 und d | ||
| 020 | |c 110 | ||
| 082 | |a 346.730166 | ||
| 082 | |b B968 | ||
| 100 | |a Burrage, Thomas F. | ||
| 245 | 0 | |a Divorce and Domestic Relations Litigation: | |
| 245 | 0 | |b Financial Adviser's Guide | |
| 245 | 0 | |c Thomas F. Burrage, Sandra Morgan Little | |
| 260 | |a Hoboken, N.J. : | ||
| 260 | |b J. Wiley & Sons | ||
| 260 | |c c2003 | ||
| 520 | |a Divorce and Domestic Relations Litigation represents the accountant's body of knowledge on divorce and domestic relations and how it relates to the divorce process, alimony, child support, and property. At once a reference tool and a training guide for firms entering this specialization, this book provides the financial professional with a single source of information regarding the financial impact, the practical course, and the underlying theories that impact domestic relations | ||
| 650 | |a Divorce,Matrimonial actions,Divorce,Trung tâm Học liệu ĐHCT | ||
| 650 | |x Law and legislation,Economic aspects,Thủ tục ly hôn | ||
| 650 | |z United States,United States,United States,Hoa Kỳ | ||
| 904 | |i Hạ Nguyên | ||
| 980 | |a Trung tâm Học liệu Trường Đại học Cần Thơ | ||